La responsabilidad social empresaria (Registro nro. 22707)

Detalles MARC
000 -LEADER
fixed length control field 00435 a2200133 4500
001 - CONTROL NUMBER
control field ART_4855
005 - DATE AND TIME OF LATEST TRANSACTION
control field 20260410161825.0
008 - FIXED-LENGTH DATA ELEMENTS--GENERAL INFORMATION
fixed length control field 260409a
100 1# - MAIN ENTRY--PERSONAL NAME
Personal name Fuertes, Flavio
245 10 - TITLE STATEMENT
Title La responsabilidad social empresaria
700 1# - ADDED ENTRY--PERSONAL NAME
Personal name Goyburu, María Lara
700 1# - ADDED ENTRY--PERSONAL NAME
Personal name Kosacoff, Bernardo
773 0# - HOST ITEM ENTRY
Title Revista de trabajo
Related parts El empleo en el debate de las Américas - Año 1, Nº 1/1 (jul./dic. 2005)
Record control number REV4713

No hay ítems disponibles.